LEADER 01803nam 2200385Ia 450 001 996393865303316 005 20200824121744.0 035 $a(CKB)4940000000115523 035 $a(EEBO)2240891945 035 $a(UnM)99899194e 035 $a(UnM)99899194 035 $a(EXLCZ)994940000000115523 100 $a19980922d1577 uy | 101 0 $aeng 135 $aurbn||||a|bb| 200 14$aThe testaments of the twelue patriarches$b[electronic resource] $ethe sonnes of Iacob: translated out of the Greeke into Latine by Robert Grosthed, sometime Byshop of Lyncolne, and out of hys copye into French and Dutch by others: Now englished [sic] by A. G. To the credit whereof an auncyent Greeke copye written in parchment, is kept in the Uniuersitie Library of Cambridge 210 $aAt London $cprinted by Iohn Day [i.e. by J. Kingston for John Day], dwelling ouer Aldersgate$d1577 215 $a[5], 78 [i.e. 77], [2] leaves $cill 300 $aA translation, sometimes attributed to Anthony Gilby or to Arthur Golding, "Testamentum duodecim patriarcharum". 300 $aActual printer's name from STC. 300 $aAt foot of title: Cum priuilegio Regię Maiestatis. 300 $aCaption title on p. 1: The testament of Iacob, that he made at his death, ... . 300 $aWith numerous errors in pagination. 300 $aReproduction of original in the All Souls College Library, Oxford, England. 330 $aeebo-0004 701 $aGilby$b Anthony$fca. 1510-1585.$01001351 701 $aGrosseteste$b Robert$f1175?-1253.$0184379 702 $aGolding$b Arthur$f1536-1606, 801 0$bCu-RivES 801 1$bCu-RivES 801 2$bWaOLN 906 $aBOOK 912 $a996393865303316 996 $aThe testaments of the twelue patriarches$92347824 997 $aUNISA LEADER 03266nam0 2200601 i 450 001 CFI0005657 005 20251003044106.0 010 $a8815000585 100 $a19860107d1983 ||||0itac50 ba 101 | $aita 102 $ait 181 1$6z01$ai $bxxxe 182 1$6z01$an 200 1 $aˆLa ‰transizione dall'economia di guerra all'economia di pace in Italia e in Germania dopo la prima guerra mondiale$fa cura di Peter Hertner e Giorgio Mori 210 $aBologna$cIl mulino$d1983 215 $a703 p.$d22 cm. 225 | $aAnnali dell'Istituto storico italo-germanico.$i Quaderno$v11 300 $aConvegno tenuto a Trento nel 1981. [[SCH 3523 314 $aSC/ 16/12/03$9CFIV004194 410 0$1001RAV0018564$12001 $aAnnali dell'Istituto storico italo-germanico.$i Quaderno$v11$171202$aIstituto storico italo-germanico$3CFIV004198 606 $aITALIA$xECONOMIA$x1914-1924$xSAGGI$2FIR$3MILC015135$9I 606 $aGERMANIA$xECONOMIA$x1914-1924$xSAGGI$2FIR$3MILC015136$9I 676 $a330.943085$9SITUAZIONI E CONDIZIONI ECONOMICHE. GERMANIA. 1918-1933$v19 676 $a330.943085$9$v21 676 $a330.945$9SITUAZIONI E CONDIZIONI ECONOMICHE. ITALIA$v12 676 $a330.945$9SITUAZIONI E CONDIZIONI ECONOMICHE. ITALIA$v19 676 $a330.9450914$9SITUAZIONE E CONDIZIONI ECONOMICHE. ITALIA. 1918-1922$v20 686 $a13.2$cPRIMO DOPOGUERRA E RICONVERSIONE 1918-1922$2R 686 $aDE/043.0$cECONOMIA E SOCIETA GERMANIA 1900-1918$2R 686 $aDE/143.0$cECONOMIA E SOCIETA GERMANIA 1918-1933$2R 686 $aIT/0430.2$cECONOMIA DI GUERRA ITALIA 1900-1918$2R 686 $aIT/1430.2$cRICONVERSIONE INDUSTRIALE ITALIA 1918-1922$2R 686 $aSe.i.8.0$cStoria dell'economia italiana. 1915-1918. L'economia di guerra$2F 686 $aX0.8/1981$cCONFERENZE CONGRESSI CONVEGNI (ATTI DI) 1981$2R 696 $aEconomia reale$aAttivitą economiche$aAspetti economici 696 $aEconomia reale$aAttivitą economiche$aAspetti economici 699 $aEconomia$yEconomia reale 699 $aEconomia$zAttivitą economiche 699 $aEconomia$zAspetti economici 699 $aEconomia$yEconomia reale 699 $aEconomia$zAttivitą economiche 699 $aEconomia$zAspetti economici 702 1$aHertner$b, Peter$3CFIV004193 702 1$aMori$b, Giorgio$f <1927-2011>$3CFIV004194 801 3$aIT$bIT-000000$c19860107 850 $aIT-BN0095 $aIT-NA0120 $aIT-NA0452 901 $bNAP IS$cISEM $nSezione di storia economica dell'ex Istituto di storia economica del Mezzogiorno 901 $bNAP 01$cPOZZO LIB.$nVi sono collocati fondi di economia, periodici di ingegneria e scienze, periodici di economia e statistica e altri fondi comprendenti documenti di economia pervenuti in dono. 912 $aCFI0005657 950 0$aBiblioteca Centralizzata di Ateneo$c1 v.$d 01POZZO LIB.ECON MON 8357$e 0101 0000091655E VMA 1 v. (Precedente collocazione: GUERRAZZI B 583)$fB $h20071119$i20071119 977 $a 01$a CR$a IS 996 $aTransizione dall'economia di guerra all'economia di pace in Italia e in Germania dopo la prima guerra mondiale$961671 997 $aUNISANNIO